Legislación española (Record no. 108512)
[ view plain ]
| 000 -CABECERA | |
|---|---|
| Campo de control de longitud fija | 00620nam#a2200205#c#4500 |
| 003 - IDENTIFICADOR DE NÚMERO DE CONTROL | |
| Campo de control | IEF |
| 005 - FECHA Y HORA DE LA ÚLTIMA TRANSACCIÓN | |
| Campo de control | 20250221193122.0 |
| 007 - CAMPO FIJO DE DESCRIPCIÓN FÍSICA - INFORMACIÓN GENERAL | |
| campo de control de longitud fija | ta |
| 008 - CAMPO FIJO DE DESCRIPCIÓN FIJA - INFORMACIÓN GENERAL | |
| Campo de control de longitud fija | 941205s1939 sp fr | 0||u|spa|u |
| 040 ## - FUENTE DE LA CATALOGACIÓN | |
| Centro catalogador de origen | ES-MaIEF |
| Lengua de catalogación | spa |
| Centro transcriptor | ES-MaIEF |
| 245 #0 - MENCIÓN DE TÍTULO | |
| Título | Legislación española |
| Parte restante del título | 1 febrero 1931 - 1 abril 1939 |
| Mención de responsabilidad, etc. | recopilación de Luis Gabilán Plá y Wenceslao D. Alcahud |
| 260 ## - PUBLICACIÓN, DISTRIBUCIÓN, ETC (PIE DE IMPRENTA) | |
| Lugar de publicación, distribución, etc. | San Sebastián |
| Nombre del editor, distribuidor, etc. | Lib. Internacional |
| Fecha de publicación, distribución, etc. | 1939 |
| 300 ## - DESCRIPCIÓN FÍSICA | |
| Extensión | 148 p. |
| Dimensiones | 26 cm |
| 650 #4 - PUNTO DE ACCESO ADICIONAL DE MATERIA - TÉRMINO DE MATERIA | |
| 9 (RLIN) | 41092 |
| Término de materia o nombre geográfico como elemento inicial | ESPAÑA |
| 650 #4 - PUNTO DE ACCESO ADICIONAL DE MATERIA - TÉRMINO DE MATERIA | |
| 9 (RLIN) | 47615 |
| Término de materia o nombre geográfico como elemento inicial | LEGISLACION |
| 700 1# - PUNTO DE ACCESO ADICIONAL- NOMBRE DE PERSONA | |
| Nombre de persona | Gabilan Pla, Luis |
| 9 (RLIN) | 16863 |
| 700 1# - PUNTO DE ACCESO ADICIONAL- NOMBRE DE PERSONA | |
| Nombre de persona | Alcahud, Wenceslao D. |
| 9 (RLIN) | 332 |
| 942 ## - ELEMENTOS KOHA | |
| Koha tipo de item | Libros |
| Suprimido | Perdido | Estropeado | No se presta | Localización (Biblioteca) | Fecha de adquisición | Koha signatura completa | Designación de pieza (código de barras) | Koha Fecha de último uso | Precio efectivo desde | Koha tipo de item |
|---|---|---|---|---|---|---|---|---|---|---|
| Disponible para préstamo | IEF | 1994-12-05 | 3017 | 3017 | 2018-02-19 | 2018-02-19 | Libros |